000 00684nam a2200229 a 4500
001 BRCA_7865
005 20190320210029.0
008 191113s1924----gw-ac#####---#000-0#ger-#
041 _ager
044 _agw
050 4 _aNC1509
_b.B87 1924
100 1 _aBusch, Wilhelm
_918280
245 1 0 _aWilhelm Busch album humoristischer bausschatz
_cWilhelm Busch ; introducción Friedrich Bohne.
260 _aBerlín
_bDeutsche Buch-Gemeinschaft
_cc1924
300 _a405 p.
_bil. a color, 5 láminas, retratos
_c29 cm.
500 _aVer también R89 y R90
500 _aY98
650 1 4 _aHumorismo alemán
_96123
700 1 _aBohne, Friedrich
_99377
902 _aGFM
942 _2lcc
_cB
999 _c7539
_d7539